000
00324nam a2200121Ia 4500
008
190722s9999 xx 000 0 und d
020
_a
978-81-207-5790-5
100
_a
B. N. Ghosh
245
0
_a
Scientific Method And Social Research
260
_a
New Delhi
_b
Sterling Publishers (Pvt.) Ltd.
_c
2015
300
_a
331
942
_c
BK
999
_c
408
_d
408